महाराष्ट्रातील महिलाराज (Record no. 201222)

MARC details
000 -LEADER
fixed length control field 00512nam a2200157Ia 4500
008 - FIXED-LENGTH DATA ELEMENTS--GENERAL INFORMATION
fixed length control field 090124s9999 xx 000 0 und d
082 ## - DEWEY DECIMAL CLASSIFICATION NUMBER
Item number 34700
245 ## - TITLE STATEMENT
Title महाराष्ट्रातील महिलाराज
250 ## - EDITION STATEMENT
Edition statement 1
260 ## - PUBLICATION, DISTRIBUTION, ETC. (IMPRINT)
Date of publication, distribution, etc 2008
300 ## - PHYSICAL DESCRIPTION
Extent 216
630 ## - SUBJECT ADDED ENTRY--UNIFORM TITLE
Uniform title महाराष्ट्रातील महिलाराज
700 ## - ADDED ENTRY--PERSONAL NAME
Personal name गाडे सोपान
730 ## - ADDED ENTRY--UNIFORM TITLE
Uniform title महाराष्ट्रातील महिलाराज
942 ## - ADDED ENTRY ELEMENTS (KOHA)
Koha item type Book

No items available.